[Event "Kaupthing Open Differdange"]
[Site "Differdange"]
[Date "2007.07.07"]
[Round "1.18"]
[White "Wirig, Anthony"]
[Black "Gretarsson, Hjorvar Stein"]
[Result "1-0"]
[WhiteElo "2487"]
[BlackElo "2168"]
[PlyCount "157"]
[EventType "swiss"]
[EventCountry "LUX"]

1. d4 d5 2. Nf3 Nf6 3. c4 c6 4. e3 e6 5. Nbd2 c5 6. cxd5 exd5 7. Bb5+ Bd7 8.
Bxd7+ Nbxd7 9. dxc5 Bxc5 10. O-O O-O 11. b3 Qe7 12. Bb2 Rac8 13. Nb1 Rfd8 14.
Nc3 Nf8 15. Nd4 g6 16. Rc1 N8d7 17. Nf3 Qe6 18. Qd3 Bf8 19. Nd4 Qe8 20. Qe2 a6
21. Qf3 Ne4 22. Rfd1 Nxc3 23. Rxc3 Rxc3 24. Bxc3 Ne5 25. Qf4 Bg7 26. h3 Rc8 27.
Bb2 Qe7 28. Qg3 Qd7 29. Ne2 Re8 30. Nf4 d4 31. Bxd4 Nc6 32. Ne2 Re4 33. Qf3 f5
34. Nc3 Nxd4 35. exd4 Rxd4 36. Nd5 h6 37. g3 Kh7 38. h4 Qc6 39. Rxd4 Bxd4 40.
h5 gxh5 41. Qxf5+ Qg6 42. Qd7+ Qg7 43. Qxg7+ Kxg7 44. Nf4 Be5 45. Nxh5+ Kg6 46.
g4 Kg5 47. f3 b5 48. Kf2 a5 49. Ke3 Bb2 50. a4 bxa4 51. bxa4 Bh8 52. Ke4 Bb2
53. Nf4 Bc1 54. Ne6+ Kg6 55. Nd4 Bd2 56. f4 Bc3 57. Nf3 Kf6 58. Ke3 Bb2 59. Ke4
Bc1 60. Ne5 Bd2 61. Nc4 Bb4 62. Kd5 Be1 63. Nd6 Bb4 64. Ne4+ Kf7 65. Ke5 Kg6
66. Ke6 Kg7 67. f5 h5 68. g5 h4 69. Nf2 Bd2 70. Nh3 Be3 71. Ke5 Kf7 72. Ke4 Bc1
73. Kf3 Bd2 74. Kg4 Be1 75. Ng1 Kg7 76. Nf3 Bc3 77. Kxh4 Kf7 78. Kh5 Kg7 79.
Nh2 1-0

[Event "Kaupthing Open Differdange"]
[Site "Differdange"]
[Date "2007.07.07"]
[Round "1.23"]
[White "Berg, Runar"]
[Black "Lobzhanidze, Davit"]
[Result "0-1"]
[WhiteElo "2129"]
[BlackElo "2470"]
[PlyCount "46"]
[EventType "swiss"]
[EventCountry "LUX"]

1. e4 c5 2. Nf3 d6 3. d4 cxd4 4. Nxd4 Nf6 5. Nc3 Nc6 6. Bg5 e6 7. Qd2 Qb6 8.
Nb3 Be7 9. O-O-O a6 10. h3 O-O 11. Be3 Qc7 12. g4 b5 13. g5 b4 14. gxf6 bxc3
15. Qxc3 Bxf6 16. Qd2 Rd8 17. Rg1 d5 18. exd5 Rxd5 19. Qe2 Rxd1+ 20. Qxd1 Bb7
21. Qh5 Ne5 22. Bg5 Rc8 23. c3 Nf3 0-1

[Event "Kaupthing Open Differdange"]
[Site "Differdange"]
[Date "2007.07.07"]
[Round "1.24"]
[White "Rohit, Goginenni"]
[Black "Wagner, Steven"]
[Result "1-0"]
[WhiteElo "2470"]
[BlackElo "2120"]
[PlyCount "43"]
[EventType "swiss"]
[EventCountry "LUX"]

1. e4 c5 2. Nf3 d6 3. Bc4 Nf6 4. d3 e6 5. O-O Be7 6. Bb3 O-O 7. c3 Nc6 8. Nbd2
d5 9. Qe2 b5 10. d4 b4 11. exd5 Nxd5 12. c4 Nf6 13. dxc5 Bb7 14. Bc2 Bxc5 15.
Nb3 Be7 16. Bg5 a5 17. Rad1 Qc7 18. Qe3 a4 19. Nc5 b3 20. Bxf6 Bxc5 21. Qg5 g6
22. Qh6 1-0

[Event "Kaupthing Open Differdange"]
[Site "Differdange"]
[Date "2007.07.07"]
[Round "1.26"]
[White "Michiels, Bart"]
[Black "Ristic, Alexandre"]
[Result "1-0"]
[WhiteElo "2454"]
[BlackElo "2094"]
[PlyCount "101"]
[EventType "swiss"]
[EventCountry "LUX"]

1. e4 a6 2. d4 d5 3. exd5 Qxd5 4. Nc3 Qd6 5. Nf3 Nf6 6. g3 Bg4 7. Bg2 Nc6 8.
O-O O-O-O 9. d5 Ne5 10. Bf4 Nxf3+ 11. Bxf3 Qd7 12. Bxg4 Qxg4 13. Qd4 g5 14. Be5
Qxd4 15. Bxd4 Bg7 16. Rad1 Rd7 17. Rfe1 Rhd8 18. Rd3 b6 19. Rf3 Rg8 20. b3 Nxd5
21. Nxd5 Rxd5 22. Bxg7 Rxg7 23. Rxe7 Rd7 24. Re8+ Rd8 25. Re2 h5 26. Rf5 Rd6
27. Re7 Rd7 28. Ree5 Rd2 29. Rxg5 Rxg5 30. Rxg5 Rxc2 31. Rxh5 Rxa2 32. h4 Rb2
33. Rg5 Rd2 34. Rf5 a5 35. h5 Rd6 36. g4 Rh6 37. Rxf7 b5 38. Rf5 c6 39. Kf1 Kc7
40. Ke2 Kb6 41. Kd3 Rd6+ 42. Kc2 Rh6 43. f4 b4 44. Re5 c5 45. f5 Kb5 46. Re6
Rh8 47. f6 a4 48. bxa4+ Kc4 49. Re4+ Kd5 50. Rf4 Ke6 51. f7 1-0

[Event "Kaupthing Open Differdange"]
[Site "Differdange"]
[Date "2007.07.07"]
[Round "1.27"]
[White "Steil Antoni, Fiona"]
[Black "Siebrecht, Sebastian"]
[Result "0-1"]
[WhiteElo "2065"]
[BlackElo "2431"]
[PlyCount "60"]
[EventType "swiss"]
[EventCountry "LUX"]

1. e4 c5 2. Nc3 e6 3. f4 a6 4. Nf3 Nc6 5. d3 d5 6. g3 g6 7. Bg2 Bg7 8. O-O Nge7
9. Kh1 b5 10. Qe1 b4 11. Nd1 a5 12. Ne3 dxe4 13. dxe4 Ba6 14. Rf2 O-O 15. Rb1
Qc7 16. e5 Rad8 17. Ng5 Nd5 18. Ne4 Nd4 19. c3 Bd3 20. Nxd5 exd5 21. Nd2 Bxb1
22. Nxb1 Nc6 23. Rd2 Ne7 24. Qd1 f6 25. exf6 Bxf6 26. Bxd5+ Nxd5 27. Rxd5 Qb7
28. c4 Rxd5 29. Qxd5+ Qxd5+ 30. cxd5 Rd8 0-1

[Event "Kaupthing Open Differdange"]
[Site "Differdange"]
[Date "2007.07.07"]
[Round "1.28"]
[White "Wehmeier, Stefan"]
[Black "Lehnert, Michael"]
[Result "1-0"]
[WhiteElo "2417"]
[BlackElo "2064"]
[PlyCount "33"]
[EventType "swiss"]
[EventCountry "LUX"]

1. e4 d6 2. d4 e5 3. Nf3 exd4 4. Nxd4 g6 5. Nc3 Bg7 6. Be3 Ne7 7. Bc4 Nbc6 8.
Bb3 Na5 9. Qd2 Nxb3 10. axb3 Be6 11. Bh6 Bxh6 12. Qxh6 Ng8 13. Qe3 a6 14. O-O-O
c5 15. Nxe6 fxe6 16. e5 d5 17. Ne4 1-0

[Event "Kaupthing Open Differdange"]
[Site "Differdange"]
[Date "2007.07.07"]
[Round "1.29"]
[White "Mauquoi, Rudi"]
[Black "Nezar, Mustapha"]
[Result "0-1"]
[WhiteElo "2064"]
[BlackElo "2417"]
[PlyCount "82"]
[EventType "swiss"]
[EventCountry "LUX"]

1. c4 Nf6 2. Nc3 e6 3. e4 c5 4. e5 Ng8 5. Nf3 Nc6 6. d4 cxd4 7. Nxd4 Nxe5 8.
Ndb5 a6 9. Nd6+ Bxd6 10. Qxd6 f6 11. Bf4 Qa5 12. Be2 Ne7 13. O-O Nf5 14. Qd2
O-O 15. Rfe1 Rd8 16. Rad1 Rb8 17. g4 Nh4 18. Qe3 Nhg6 19. Bg3 d6 20. h4 Nf7 21.
Ne4 Nge5 22. a3 Qc7 23. Rc1 Bd7 24. f4 Nc6 25. Red1 Rbc8 26. b4 e5 27. c5 Nd4
28. cxd6 Qxc1 29. Rxc1 Nxe2+ 30. Qxe2 Rxc1+ 31. Kf2 Bb5 32. Qd2 Rc4 33. Qd5 Rd4
34. Qxb7 Bd3 35. Nc5 Nxd6 36. Qe7 Re8 37. Qc7 exf4 38. Bh2 Bc4 39. Bg1 Rd1 40.
Kf3 Bd5+ 41. Kf2 Rd2+ 0-1

[Event "Kaupthing Open Differdange"]
[Site "Differdange"]
[Date "2007.07.07"]
[Round "1.30"]
[White "Ajrapetjan, Yuriy"]
[Black "Korman, Maxim"]
[Result "1/2-1/2"]
[WhiteElo "2387"]
[BlackElo "2061"]
[PlyCount "208"]
[EventType "swiss"]
[EventCountry "LUX"]

1. d4 Nf6 2. c4 c5 3. dxc5 Qa5+ 4. Nc3 Qxc5 5. e4 d6 6. Be3 Qa5 7. f3 g6 8. Qd2
Bg7 9. Nb5 Qxd2+ 10. Kxd2 Na6 11. Bxa7 O-O 12. Ne2 Bh6+ 13. Be3 Bxe3+ 14. Kxe3
Nb4 15. Kd2 Rxa2 16. Rxa2 Nxa2 17. Nf4 Nb4 18. Be2 Bd7 19. Ra1 Na6 20. Nd5 Nxd5
21. cxd5 Ra8 22. Nd4 Kf8 23. Bxa6 Ke8 24. Ra3 bxa6 25. b4 Kd8 26. f4 Kc7 27. e5
Kb6 28. e6 Be8 29. g4 Rc8 30. Rh3 Rc4 31. Kd3 Rxb4 32. Rxh7 Kc5 33. Nf3 fxe6
34. dxe6 Kd5 35. Rxe7 Bb5+ 36. Ke3 Re4+ 37. Kf2 Rxe6 38. Rg7 Bd3 39. Ng5 Re2+
40. Kg3 Re3+ 41. Kh4 Re2 42. h3 a5 43. Ra7 Ra2 44. Kg3 a4 45. f5 gxf5 46. gxf5
a3 47. f6 Bg6 48. f7 Bxf7 49. Nxf7 Ra1 50. h4 a2 51. Kg2 Ke6 52. h5 Kf6 53.
Nxd6 Kg5 54. Ra5+ Kh6 55. Nf7+ Kg7 56. Ra7 Rb1 57. Ne5+ Kh6 58. Rxa2 Kxh5 59.
Kg3 Kg5 60. Nf3+ Kf5 61. Ra5+ Ke6 62. Kf4 Rb4+ 63. Ke3 Rb3+ 64. Ke4 Rb4+ 65.
Nd4+ Kf6 66. Rd5 Ra4 67. Kf4 Rc4 68. Ke4 Ra4 69. Rc5 Kg6 70. Ke5 Ra1 71. Nf3
Ra3 72. Rc6+ Kh5 73. Nd2 Ra5+ 74. Kf4 Ra4+ 75. Ne4 Rb4 76. Ra6 Rd4 77. Ke5 Rd1
78. Rc6 Rb1 79. Kf4 Rf1+ 80. Ke3 Rb1 81. Kf3 Rb4 82. Kg2 Rb1 83. Nf2 Kg5 84.
Nd3 Kf5 85. Kf3 Rf1+ 86. Ke3 Rh1 87. Rc5+ Ke6 88. Ke4 Rh4+ 89. Nf4+ Kd6 90. Rg5
Kc6 91. Rf5 Rh1 92. Rf6+ Kb5 93. Kd4 Rh4 94. Kd5 Rh1 95. Ne2 Rh5+ 96. Kd4 Rh4+
97. Nf4 Rh1 98. Nd3 Rh4+ 99. Kd5 Rh5+ 100. Ne5 Rh1 101. Rf3 Rd1+ 102. Nd3 Rh1
103. Rf8 Rh5+ 104. Ne5 Kb4 1/2-1/2

[Event "Kaupthing Open Differdange"]
[Site "Differdange"]
[Date "2007.07.07"]
[Round "1.31"]
[White "Christen, Pierre"]
[Black "Mamedjarova, Zeinab"]
[Result "1-0"]
[WhiteElo "2060"]
[BlackElo "2384"]
[PlyCount "111"]
[EventType "swiss"]
[EventCountry "LUX"]

1. Nf3 Nf6 2. g3 g6 3. b4 Bg7 4. Bb2 O-O 5. Bg2 d6 6. O-O e5 7. d3 Bg4 8. Nbd2
a5 9. b5 Qd7 10. c4 Bh3 11. a4 Bxg2 12. Kxg2 Qg4 13. h3 Qe6 14. c5 Nbd7 15.
cxd6 cxd6 16. Rc1 Nd5 17. Ba3 Bh6 18. Qb3 N7b6 19. Ra1 Rfc8 20. Rfc1 Bg7 21.
Ng5 Qd7 22. Nge4 Rxc1 23. Rxc1 Nb4 24. Bxb4 axb4 25. Qxb4 d5 26. Nc5 Qe7 27. a5
Nd7 28. Na6 Qxb4 29. Nxb4 Rxa5 30. Nxd5 Rxb5 31. Rc8+ Bf8 32. Nc3 Rb2 33. Nc4
Rc2 34. Ne3 Rc1 35. Rc7 Nc5 36. Ncd5 Kg7 37. Nc4 Ne6 38. Rxb7 e4 39. Ne5 Nd8
40. Rd7 exd3 41. exd3 Rc8 42. Nf4 Ra8 43. d4 h5 44. Nexg6 Bb4 45. Ne5 h4 46.
Ned3 Bc3 47. d5 hxg3 48. fxg3 Kf6 49. Nc5 Be5 50. Kf3 Kf5 51. g4+ Kg5 52. Rxd8
Rxd8 53. Nce6+ fxe6 54. Nxe6+ Kh4 55. Nxd8 Kxh3 56. Nf7 1-0

[Event "Kaupthing Open Differdange"]
[Site "Differdange"]
[Date "2007.07.07"]
[Round "1.32"]
[White "Bakalarz, Mieczyslaw"]
[Black "Oud, Niek"]
[Result "1-0"]
[WhiteElo "2355"]
[BlackElo "2058"]
[PlyCount "75"]
[EventType "swiss"]
[EventCountry "LUX"]

1. e4 c5 2. d4 cxd4 3. Nf3 d5 4. exd5 Nf6 5. c4 dxc3 6. Nxc3 g6 7. Bc4 Bg7 8.
O-O O-O 9. Re1 Nbd7 10. a4 Nb6 11. Bb3 Bd7 12. a5 Nc8 13. a6 bxa6 14. Rxa6 Qc7
15. Ra3 Rb8 16. Be3 Rd8 17. Bd4 Be8 18. Be5 Nd6 19. Qd4 Qb7 20. Nd2 Ra8 21.
Rea1 a6 22. Nc4 Nxc4 23. Qxc4 Bd7 24. d6 e6 25. Qd4 Ne8 26. Bxg7 Nxg7 27. Ne4
Ne8 28. h4 Bb5 29. h5 Qa7 30. Qe5 Bd3 31. Rxa6 Qxa6 32. Rxa6 Rxa6 33. d7 Rxd7
34. Nc5 Ra1+ 35. Kh2 Rd6 36. h6 Ra5 37. Qc3 Rc6 38. Qxa5 1-0

[Event "Kaupthing Open Differdange"]
[Site "Differdange"]
[Date "2007.07.07"]
[Round "1.33"]
[White "Linster, Philippe"]
[Black "Berend, Fred"]
[Result "1-0"]
[WhiteElo "2053"]
[BlackElo "2346"]
[PlyCount "107"]
[EventType "swiss"]
[EventCountry "LUX"]

1. c4 e5 2. Nc3 Nf6 3. Nf3 Nc6 4. a3 d6 5. g3 g6 6. Bg2 Bg7 7. d3 O-O 8. O-O h6
9. Rb1 Be6 10. b4 Qd7 11. Re1 Bh3 12. Bh1 Rae8 13. b5 Nd8 14. Qc2 Ng4 15. a4 f5
16. Nd2 g5 17. a5 Kh8 18. Ba3 Re6 19. c5 e4 20. dxe4 f4 21. Nf3 fxg3 22. hxg3
Qf7 23. cxd6 cxd6 24. Rbd1 Qg6 25. Nd5 Qh5 26. Bb2 Nf7 27. Bxg7+ Kxg7 28. Qb3
Rxe4 29. Qc3+ Nfe5 30. Rd4 Rxd4 31. Qxd4 Kg8 32. Rc1 Bf1 33. Ne7+ Kh8 34. Rc8
Rxc8 35. Nxc8 Bxe2 36. Nxd6 Bxf3 37. Bxf3 Kh7 38. Bxg4 Nxg4 39. Qe4+ Kg8 40.
Qe6+ Kf8 41. Qc8+ Ke7 42. Nf5+ Kf7 43. Nd6+ Kf6 44. Ne4+ Ke5 45. Qxb7 Qh2+ 46.
Kf1 Qh1+ 47. Ke2 Nxf2 48. Qe7+ Kd4 49. Nd2 Kc3 50. Qc5+ Kb2 51. Qd4+ Ka3 52.
Qc3+ Ka4 53. Qb3+ Kxa5 54. Nc4# 1-0

[Event "Kaupthing Open Differdange"]
[Site "Differdange"]
[Date "2007.07.07"]
[Round "1.34"]
[White "Berend, Elvira S"]
[Black "Preiss, Veronika"]
[Result "1-0"]
[WhiteElo "2340"]
[BlackElo "2039"]
[PlyCount "79"]
[EventType "swiss"]
[EventCountry "LUX"]

1. e4 d6 2. d4 Nf6 3. Nc3 g6 4. Be3 Ng4 5. Bg5 h6 6. Bh4 g5 7. Bg3 e5 8. h3
exd4 9. Qxd4 Qf6 10. Qd2 Ne5 11. Nd5 Qd8 12. Qc3 Nbc6 13. Bb5 Bg7 14. Bxc6+
bxc6 15. Bxe5 Bxe5 16. Qxc6+ Bd7 17. Qxa8 Qxa8 18. Nxc7+ Ke7 19. Nxa8 Bxb2 20.
Rb1 Bc3+ 21. Ke2 Rxa8 22. Kd3 Rc8 23. Ne2 Ba5 24. c4 Bb6 25. Nd4 Rc5 26. Rhc1
Kf6 27. Nb5 Ke5 28. Nc3 Ra5 29. Rb2 Bc6 30. f3 Ra3 31. Rb3 Ra5 32. Rc2 Ke6 33.
Rcb2 Ke5 34. Ne2 Bd7 35. g3 Kf6 36. h4 Bc6 37. Rxb6 axb6 38. Rxb6 Rc5 39. Nd4
gxh4 40. gxh4 1-0

[Event "Kaupthing Open Differdange"]
[Site "Differdange"]
[Date "2007.07.07"]
[Round "1.35"]
[White "Zienkiewicz, Alexandre"]
[Black "Van Dooren, Dirk"]
[Result "0-1"]
[WhiteElo "2037"]
[BlackElo "2331"]
[PlyCount "84"]
[EventType "swiss"]
[EventCountry "LUX"]

1. d4 d5 2. c4 e6 3. Nf3 c6 4. cxd5 exd5 5. Qc2 Bd6 6. Nc3 Nf6 7. Bg5 O-O 8. e3
Re8 9. Bd3 h6 10. Bh4 Nbd7 11. O-O Nf8 12. Rab1 Bg4 13. b4 Qd7 14. Bxf6 gxf6
15. Nh4 Ne6 16. f3 Bh5 17. Bf5 Qe7 18. Bh7+ Kh8 19. Nf5 Qf8 20. Nxd6 Qxd6 21.
g4 Nf8 22. Bf5 Bg6 23. Qd2 a6 24. Na4 Re7 25. Nb6 Bxf5 26. gxf5 Rae8 27. Rb3
Nd7 28. Na4 Rg8+ 29. Kh1 Rg5 30. f4 Rg7 31. Rg1 Rxg1+ 32. Kxg1 b5 33. Nc5 Nxc5
34. dxc5 Qd7 35. a4 Qxf5 36. axb5 axb5 37. Ra3 Re8 38. Qd3 Qg4+ 39. Kf1 Rg8 40.
Ke1 Qg1+ 41. Kd2 Rg2+ 42. Kc3 Qc1+ 0-1

[Event "Kaupthing Open Differdange"]
[Site "Differdange"]
[Date "2007.07.07"]
[Round "1.36"]
[White "Zozulia, Anna"]
[Black "Risch, Michel"]
[Result "1-0"]
[WhiteElo "2328"]
[BlackElo "2030"]
[PlyCount "35"]
[EventType "swiss"]
[EventCountry "LUX"]

1. e4 d5 2. exd5 Qxd5 3. Nc3 Qa5 4. d4 c6 5. Bc4 Nf6 6. Nf3 Bf5 7. Bd2 e6 8.
Qe2 Nbd7 9. d5 cxd5 10. Nxd5 Qc5 11. Bb4 Qc6 12. Bxf8 Nxd5 13. Nd4 Qb6 14. Bxg7
Nf4 15. Qf3 Nxg2+ 16. Qxg2 Rg8 17. Nxf5 exf5 18. O-O-O 1-0

[Event "Kaupthing Open Differdange"]
[Site "Differdange"]
[Date "2007.07.07"]
[Round "1.37"]
[White "Priewasser, Joerg"]
[Black "Vatter, Hans Joachim"]
[Result "0-1"]
[WhiteElo "2022"]
[BlackElo "2319"]
[PlyCount "76"]
[EventType "swiss"]
[EventCountry "LUX"]

1. c4 e5 2. Nc3 Bb4 3. g3 Bxc3 4. bxc3 d6 5. Bg2 Nf6 6. Rb1 Nc6 7. d3 O-O 8.
Nf3 e4 9. Nd4 exd3 10. Nxc6 dxe2 11. Nxd8 exd1=Q+ 12. Kxd1 Rxd8 13. Bg5 Rb8 14.
Re1 Kf8 15. Kd2 b6 16. Re3 Re8 17. Bxf6 gxf6 18. Rxe8+ Kxe8 19. Re1+ Kf8 20.
Bd5 Bd7 21. Kd3 Re8 22. Rxe8+ Kxe8 23. Ke3 Ke7 24. Kf4 h6 25. h4 Be6 26. a3 a6
27. Ke4 Kd7 28. Kf4 c6 29. Bxe6+ fxe6 30. Kg4 d5 31. Kh5 c5 32. cxd5 exd5 33.
Kxh6 d4 34. cxd4 cxd4 35. Kg6 d3 36. h5 d2 37. h6 d1=Q 38. h7 Qg4+ 0-1

[Event "Kaupthing Open Differdange"]
[Site "Differdange"]
[Date "2007.07.07"]
[Round "1.38"]
[White "Lagerman, Robert"]
[Black "Penzel, Nils"]
[Result "1-0"]
[WhiteElo "2315"]
[BlackElo "2002"]
[PlyCount "43"]
[EventType "swiss"]
[EventCountry "LUX"]

1. e4 e6 2. d4 d5 3. Nd2 c5 4. Ngf3 Nf6 5. e5 Nfd7 6. c3 Nc6 7. Bd3 f6 8. O-O
fxe5 9. Nxe5 Ndxe5 10. dxe5 Qc7 11. f4 c4 12. Bc2 Bc5+ 13. Kh1 O-O 14. Nf3 b5
15. b4 cxb3 16. axb3 b4 17. Ng5 g6 18. Rf3 Be7 19. Nxh7 Kxh7 20. Bxg6+ Kg7 21.
Rh3 Nxe5 22. Rh7+ 1-0

[Event "Kaupthing Open Differdange"]
[Site "Differdange"]
[Date "2007.07.07"]
[Round "1.39"]
[White "Haerri, Adrian"]
[Black "Wagener, Claude"]
[Result "0-1"]
[WhiteElo "2000"]
[BlackElo "2307"]
[PlyCount "20"]
[EventType "swiss"]
[EventCountry "LUX"]

1. d4 Nf6 2. c4 g6 3. Nc3 d5 4. Bg5 Ne4 5. Bh4 Nxc3 6. bxc3 dxc4 7. e3 Be6 8.
Nf3 Bg7 9. Bxc4 Bxc4 10. Qa4+ b5 0-1

[Event "Kaupthing Open Differdange"]
[Site "Differdange"]
[Date "2007.07.07"]
[Round "1.40"]
[White "Valuet, Bertrand"]
[Black "Beukema, Stefan"]
[Result "1-0"]
[WhiteElo "2303"]
[BlackElo "1994"]
[PlyCount "59"]
[EventType "swiss"]
[EventCountry "LUX"]

1. d4 f5 2. g3 g6 3. Nc3 Nf6 4. Bg2 Bg7 5. e4 d6 6. e5 dxe5 7. dxe5 Qxd1+ 8.
Nxd1 Ng4 9. f4 O-O 10. Ne3 Na6 11. Nxg4 fxg4 12. Bd2 c6 13. Ne2 Nc7 14. Bb4 Kf7
15. O-O-O Bf5 16. Nd4 Rfd8 17. Nxf5 gxf5 18. h3 h5 19. Ba5 Rxd1+ 20. Rxd1 Ne6
21. hxg4 hxg4 22. Bf1 b6 23. Be1 Rd8 24. Bc4 Rxd1+ 25. Kxd1 b5 26. Bb3 c5 27.
Bd5 c4 28. a4 a6 29. axb5 axb5 30. Kd2 1-0

[Event "Kaupthing Open Differdange"]
[Site "Differdange"]
[Date "2007.07.07"]
[Round "1.41"]
[White "Weller, Manuel"]
[Black "Bergsson, Snorri"]
[Result "1-0"]
[WhiteElo "1958"]
[BlackElo "2301"]
[PlyCount "165"]
[EventType "swiss"]
[EventCountry "LUX"]

1. e4 c5 2. Nf3 e6 3. c3 d5 4. exd5 exd5 5. d4 Nc6 6. Bf4 Qb6 7. b3 cxd4 8.
Nxd4 a6 9. Nxc6 Qxc6 10. Bd3 Be7 11. Be5 Bf6 12. Qe2 Ne7 13. O-O O-O 14. Nd2
Bf5 15. Bxf5 Nxf5 16. Bxf6 Qxf6 17. Qd3 Rac8 18. Rac1 Rfd8 19. Nf3 g6 20. h3
Rc5 21. Nd4 Nd6 22. f3 Rdc8 23. Rc2 Nb5 24. Nxb5 axb5 25. Rfc1 Qe5 26. Kf2 h5
27. Qe3 Qf6 28. Qd3 Qg5 29. Qd4 b6 30. h4 Qd8 31. Kf1 Qd6 32. Kf2 Re8 33. Kf1
Qg3 34. Qf2 Qh2 35. Qd4 Rc6 36. Qxd5 Qh1+ 37. Kf2 Qxh4+ 38. Kg1 Rce6 39. Rf2
Re2 40. Rcf1 R2e5 41. Qd3 Qg3 42. Qd4 Rg5 43. f4 Rg4 44. Qd5 Rh4 45. Rf3 Qh2+
46. Kf2 Rg4 47. Rg1 Rxf4 48. Qxb5 Rxf3+ 49. Kxf3 Re5 50. Rh1 Qxh1 51. Qxe5 Qf1+
52. Kg3 Qd3+ 53. Kh2 Kh7 54. Qf6 Kg8 55. a4 Qe3 56. b4 g5 57. Qd8+ Kh7 58. Qd4
Qe1 59. Qxb6 Qh4+ 60. Kg1 Qe1+ 61. Kh2 g4 62. Qf6 g3+ 63. Kh3 Qf2 64. Qg5 Qe2
65. Qxg3 Qd1 66. a5 Qh1+ 67. Qh2 Qf1 68. Qe5 Qh1+ 69. Kg3 h4+ 70. Kf2 Qc1 71.
Qe4+ Kg8 72. Qg4+ Kf8 73. Qc8+ Kg7 74. Qg4+ Kf8 75. Qxh4 Qd2+ 76. Kg1 Qd1+ 77.
Kh2 Qd6+ 78. Qg3 Qh6+ 79. Kg1 Qc1+ 80. Kf2 Qd2+ 81. Kf1 Qd5 82. Qf3 Qd2 83. Qf2
1-0

[Event "Kaupthing Open Differdange"]
[Site "Differdange"]
[Date "2007.07.07"]
[Round "1.43"]
[White "Musholt, Joachim"]
[Black "Brittner, Serge"]
[Result "0-1"]
[WhiteElo "1942"]
[BlackElo "2294"]
[PlyCount "38"]
[EventType "swiss"]
[EventCountry "LUX"]

1. d4 e6 2. c4 Nf6 3. Nf3 b6 4. Nc3 Bb7 5. e3 d5 6. Bd3 Bd6 7. O-O Nbd7 8. Nd2
c5 9. Nb5 Be7 10. cxd5 exd5 11. dxc5 bxc5 12. b3 O-O 13. Nf3 Qb6 14. Bb2 Rac8
15. Nc3 Rfd8 16. Qe2 c4 17. Bf5 Ba6 18. Na4 Qb7 19. Rfb1 c3 0-1

[Event "Kaupthing Open Differdange"]
[Site "Differdange"]
[Date "2007.07.08"]
[Round "2.2"]
[White "Gaponenko, Inna"]
[Black "Koneru, Humpy"]
[Result "1/2-1/2"]
[WhiteElo "2458"]
[BlackElo "2572"]
[PlyCount "55"]
[EventType "swiss"]
[EventCountry "LUX"]

1. e4 e5 2. Nf3 Nf6 3. Nxe5 d6 4. Nf3 Nxe4 5. d4 d5 6. Bd3 Nc6 7. O-O Be7 8. c4
Nb4 9. cxd5 Nxd3 10. Qxd3 Qxd5 11. Re1 Bf5 12. Nc3 Nxc3 13. Qxc3 Be6 14. Re5
Qc6 15. Qa5 Rd8 16. Bf4 O-O 17. Rc1 Qb6 18. Rb5 Qxa5 19. Rxa5 a6 20. Rxc7 Rd7
21. Rxd7 Bxd7 22. Re5 Bf6 23. Re1 Be6 24. a3 Rc8 25. Rc1 Rxc1+ 26. Bxc1 Bd5 27.
Bg5 Bxf3 28. Bxf6 1/2-1/2

[Event "Kaupthing Open Differdange"]
[Site "Differdange"]
[Date "2007.07.08"]
[Round "2.3"]
[White "Kritz, Leonid"]
[Black "Wehmeier, Stefan"]
[Result "1-0"]
[WhiteElo "2571"]
[BlackElo "2417"]
[PlyCount "55"]
[EventType "swiss"]
[EventCountry "LUX"]

1. e4 e5 2. Nf3 Nc6 3. Bb5 Nf6 4. d3 d6 5. O-O g6 6. Re1 Bg7 7. c3 Bd7 8. Nbd2
Na5 9. Bxd7+ Nxd7 10. d4 Nc6 11. Nc4 h6 12. a4 O-O 13. Be3 Nb6 14. Ncd2 exd4
15. Nxd4 Ne5 16. Qe2 d5 17. f4 Nec4 18. Nxc4 Nxc4 19. e5 Re8 20. b3 Nxe3 21.
Qxe3 f6 22. Qd3 fxe5 23. fxe5 Kh7 24. Nf3 Re6 25. Rad1 c6 26. c4 Qb6+ 27. Kh1
Qd8 28. Ng5+ 1-0

[Event "Kaupthing Open Differdange"]
[Site "Differdange"]
[Date "2007.07.08"]
[Round "2.5"]
[White "Nezar, Mustapha"]
[Black "Schlosser, Philipp"]
[Result "1/2-1/2"]
[WhiteElo "2417"]
[BlackElo "2562"]
[PlyCount "27"]
[EventType "swiss"]
[EventCountry "LUX"]

1. c4 e5 2. Nc3 Nf6 3. g3 d5 4. cxd5 Nxd5 5. Bg2 Nb6 6. Nf3 Nc6 7. O-O Be7 8.
a3 O-O 9. b4 Re8 10. d3 Bf8 11. Bb2 a5 12. b5 Nd4 13. Nd2 a4 14. Rb1 1/2-1/2

[Event "Kaupthing Open Differdange"]
[Site "Differdange"]
[Date "2007.07.08"]
[Round "2.6"]
[White "Bakalarz, Mieczyslaw"]
[Black "Erdos, Viktor"]
[Result "0-1"]
[WhiteElo "2355"]
[BlackElo "2523"]
[PlyCount "103"]
[EventType "swiss"]
[EventCountry "LUX"]

1. d4 Nf6 2. Nf3 d5 3. Bf4 c5 4. e3 Nc6 5. Nbd2 cxd4 6. exd4 Qb6 7. Nb3 Bf5 8.
c3 e6 9. Nh4 Be4 10. f3 Bg6 11. Nxg6 hxg6 12. g4 Nd7 13. h4 a5 14. a4 Na7 15.
Kf2 Be7 16. g5 Bd8 17. Bd3 Bc7 18. Be3 Nc8 19. Qc2 Bd6 20. c4 dxc4 21. Bxc4 Qc7
22. Nc5 Ndb6 23. Bxe6 fxe6 24. Qxg6+ Qf7 25. Qxe6+ Qxe6 26. Nxe6 Kf7 27. Nc5
Nd5 28. h5 Be7 29. g6+ Kg8 30. Ne4 Nd6 31. Bd2 Nf5 32. Rac1 Rf8 33. Rc4 Nh4 34.
h6 gxh6 35. Ke2 Kg7 36. Bxa5 Nxf3 37. Nc5 Ng5 38. Bd2 Kxg6 39. Kd1 Bxc5 40.
dxc5 Rf5 41. c6 bxc6 42. Rxc6+ Rf6 43. Rxf6+ Nxf6 44. Bc3 Rd8+ 45. Kc2 Nfe4 46.
a5 Rc8 47. a6 Nxc3 48. bxc3 Ne4 49. Rg1+ Kh7 50. Kd3 Nc5+ 51. Kd4 Nxa6 52. Ra1
0-1

[Event "Kaupthing Open Differdange"]
[Site "Differdange"]
[Date "2007.07.08"]
[Round "2.8"]
[White "Van Dooren, Dirk"]
[Black "Gharamian, Tigran"]
[Result "0-1"]
[WhiteElo "2331"]
[BlackElo "2517"]
[PlyCount "64"]
[EventType "swiss"]
[EventCountry "LUX"]

1. e4 c5 2. d3 Nc6 3. f4 g6 4. Nf3 Bg7 5. g3 d6 6. Bg2 e5 7. O-O exf4 8. Bxf4
Bxb2 9. Nbd2 Be5 10. Nxe5 dxe5 11. Be3 b6 12. Nf3 Bg4 13. Qd2 Qd6 14. Qf2 f6
15. a4 Bxf3 16. Qxf3 Kf7 17. g4 Kg7 18. h4 h6 19. g5 hxg5 20. hxg5 Rf8 21. Qf2
f5 22. exf5 gxf5 23. a5 Nge7 24. axb6 axb6 25. Ra6 f4 26. Bd2 f3 27. Bxf3 e4
28. Bc3+ Nd4 29. Qg2 exf3 30. Rxf3 Rxf3 31. Qxf3 Qh2+ 32. Kf1 Rf8 0-1

[Event "Kaupthing Open Differdange"]
[Site "Differdange"]
[Date "2007.07.08"]
[Round "2.9"]
[White "Velicka, Petr"]
[Black "Zozulia, Anna"]
[Result "1-0"]
[WhiteElo "2507"]
[BlackElo "2328"]
[PlyCount "77"]
[EventType "swiss"]
[EventCountry "LUX"]

1. e4 c5 2. Nf3 Nc6 3. Bb5 d6 4. Bxc6+ bxc6 5. O-O Bg4 6. d3 e5 7. Nbd2 Be7 8.
h3 Bh5 9. c3 Nf6 10. Qa4 Qc7 11. d4 exd4 12. cxd4 Nd7 13. b3 O-O 14. Bb2 cxd4
15. Nxd4 Bf6 16. Rac1 Ne5 17. Nxc6 Nd3 18. Bxf6 Nxc1 19. Rxc1 gxf6 20. Qd4 Rfe8
21. Rc3 Bg6 22. g4 Qb6 23. Qxf6 Re6 24. Ne7+ Rxe7 25. Qxe7 Qd4 26. Qb7 Rf8 27.
Rc2 Qd3 28. Qe7 Qxh3 29. f3 Qg3+ 30. Kf1 Qh3+ 31. Ke2 d5 32. Qxa7 dxe4 33. Nxe4
Bxe4 34. fxe4 Qxg4+ 35. Kd2 Qh3 36. Qe3 Rd8+ 37. Ke2 Qg4+ 38. Kf2 Kf8 39. Qh6+
1-0